000 00783nam a2200253 a 4500
001 73077
003 BD-RjUL
005 20211209082339.0
008 170528s1974 mdua b 001 0 eng
020 _a0061405442
035 _a(BD-RjUL)73295
040 _aDLC
_cDLC
_dDLC
_dBD-RjUL
_beng
041 _aeng
082 0 0 _223
_a616.398
_bTRE 1974
245 0 0 _aTreatment and management of obesity /
_cEdited by George A. Bray and John E. Bethune.
260 _aHagerstown, Md. :
_bMedical Dept., Harper & Row,
_cc1974.
300 _ax, 149 p. :
_bill. ;
_c21 cm.
504 _aIncludes bibliographies.
650 0 _aObesity.
_9216158
650 0 _aReducing diets.
_9216159
700 1 _aBray, George A.,
_eed.
_9216160
700 1 _aBethune, John E.,
_eed.
_9216161
942 _2ddc
_cBK
999 _c73077
_d73077